Does India Negotiate (Record no. 172174)
[ view plain ]
| 000 -LEADER | |
|---|---|
| fixed length control field | 00602nam a2200193 4500 |
| 005 - DATE AND TIME OF LATEST TRANSACTION | |
| control field | 20250310144553.0 |
| 010 ## - LCCN (DPL NO) | |
| LC control number | ENG-127602 |
| 020 ## - INTERNATIONAL STANDARD BOOK NUMBER | |
| Terms of availability | 1295.00 |
| International Standard Book Number | 9780199496686 |
| 035 ## - SYSTEM CONTROL NUMBER | |
| System control number | EN-111134 |
| 037 ## - SOURCE OF ACQUISITION | |
| Source of stock number/acquisition | DBAD/PUB |
| 082 ## - DEWEY DECIMAL CLASSIFICATION NUMBER | |
| Classification number | 337.54 |
| 100 ## - MAIN ENTRY--PERSONAL NAME | |
| Personal name | Nachiappan,Karthik |
| 245 ## - TITLE STATEMENT | |
| Title | Does India Negotiate |
| Remainder of title | by Karthik Nachiappan |
| 260 ## - PUBLICATION, DISTRIBUTION, ETC. (IMPRINT) | |
| Place of publication, distribution, etc | New Delhi |
| Name of publisher, distributor, etc | Oxford |
| Date of publication, distribution, etc | 2019 |
| 270 ## - ADDRESS | |
| Address | 22 workspace,2nd floor,1/22 Asaf Ali Road |
| City | New Delhi |
| Postal code | 110086 |
| 300 ## - PHYSICAL DESCRIPTION | |
| Extent | xiii;238p. |
| Dimensions | 22cm(hb) |
| 500 ## - GENERAL NOTE | |
| General note | includes Bibliographical references and index |
| 942 ## - ADDED ENTRY ELEMENTS (KOHA) | |
| Source of classification or shelving scheme | Dewey Decimal Classification |
| Item type | English Books |
| Classification part | 337.54 |
| Call number suffix | NIC |
| Withdrawn status | Lost status | Not for loan | Collection code | Home library | Current library | Date acquired | Source of acquisition | Cost, normal purchase price | Full call number | Barcode | Copy number | Cost, replacement price | Koha item type |
|---|---|---|---|---|---|---|---|---|---|---|---|---|---|
| Non-fiction | Sarojini Nagar | Sarojini Nagar | 28/01/2020 | DBAD/PUB | 1295.00 | 337.54 NIC | EN-111134 | 1 | 1295.00 | English Books |
